Get the Picture: Los Angeles or Sacramento Kings? Quiz Stats

 Plays Quiz not verified by Sporcle

Support Sporcle.
Go Orange.
Score 0/16 Timer 02:30
0 Plays Today
Question Answer Wrong Answers
Wayne Gretzky Los Angeles Kings
85.9%
Sacramento Kings
8.5%
Luc Robitaille Los Angeles Kings
84.6%
Sacramento Kings
9.8%
Anze Kopitar Los Angeles Kings
83.8%
Sacramento Kings
10.9%
Marcel Dionne Los Angeles Kings
81.7%
Sacramento Kings
13.6%
Marty McSorley Los Angeles Kings
80.8%
Sacramento Kings
14.9%
Jonathan Quick Los Angeles Kings
79.7%
Sacramento Kings
16%
Butch Goring Los Angeles Kings
78%
Sacramento Kings
16.6%
Oscar Robertson Sacramento Kings
76.3%
Los Angeles Kings
19.6%
Rob Blake Los Angeles Kings
75.1%
Sacramento Kings
19.6%
Mitch Richmond Sacramento Kings
75.1%
Los Angeles Kings
20.3%
Chris Webber Sacramento Kings
74%
Los Angeles Kings
20.7%
Mike Bibby Sacramento Kings
73.4%
Los Angeles Kings
22%
Peja Stojaković Sacramento Kings
68.9%
Los Angeles Kings
26.6%
Vlade Divac Sacramento Kings
68.4%
Los Angeles Kings
26.2%
Bob Davies Sacramento Kings
58.2%
Los Angeles Kings
36.5%
Jack Twyman Sacramento Kings
54.4%
Los Angeles Kings
39.9%

You're not logged in!

Compare scores with friends on all Sporcle quizzes.
OR
Log In

From the Vault

Top Languages per US State

by ThatSerbianGuy

It's time to *state* all the languages you know.
Remove Ads.
Support Sporcle.
Get the best of Sporcle when you Go Orange. This ad-free experience offers more features, more stats, and more fun while also helping to support Sporcle. Thank you for becoming a member.

Show Comments

Extras

Top Quizzes Today


Score Distribution

Your Account Isn't Verified!

In order to create a playlist on Sporcle, you need to verify the email address you used during registration. Go to your Sporcle Settings to finish the process.

Report this User

Report this user for behavior that violates our Community Guidelines.

Details: